000 00359nam a22001217a 4500
999 _c529192
_d529192
020 _a9781772046212
082 _aK95 D569
100 _aDikshit, Meghana
_951018
245 _aYou Matter: Break free Your Limitations and Live a Life of Freedom and Joy
_cby Meghana Dikshit
260 _aCanada
_bBlack Card Books
300 _a199p.
650 _aPsycology
_953809